| 000 | 00752nam a2200205 i 4500 | ||
|---|---|---|---|
| 001 | 48409 | ||
| 003 | ES-MaACL | ||
| 005 | 20250626220337.0 | ||
| 007 | t| | ||
| 008 | 950718s1819 fr ||||1| fre d | ||
| 040 |
_aCAM _bspa _cCAM |
||
| 100 | 1 |
_aDavy, Humphry. _943001 |
|
| 245 | 1 | 0 |
_aElemens de chimie agricole _b: en un cours de leçons pour le comité d'agriculture / _cpar Sir Humphry Davy...; traduit de l'anglais... par A. Bulos. |
| 260 |
_aParis : _bLadrange, _c1819 ( _fimprimerie de Baudouin frères) |
||
| 300 |
_a2 v. : _bil. ; _c20 cm. |
||
| 700 | 1 |
_aBulos, A. _932533 |
|
| 852 |
_aES-MaACL _jG-1857-58 _z.- Donat. Ángel Calderón de la Barca (Actas del Ateneo, junta 9 de abril de 1844) |
||
| 942 | _2udc | ||
| 999 |
_c48409 _d48409 |
||